Normal view
MARC view
Entry Personal Name
001 - CONTROL NUMBER
- control field: 252982
003 - CONTROL NUMBER IDENTIFIER
- control field: St Aloysius Coll
005 - DATE AND TIME OF LATEST TRANSACTION
- control field: 20260128141644.0
008 - FIXED-LENGTH DATA ELEMENTS
- fixed length control field: 260128|| aca||aabn | a|a d
040 ## - CATALOGING SOURCE
- Original cataloging agency: St Aloysius Coll
- Transcribing agency: St Aloysius Coll
100 ## - HEADING--PERSONAL NAME
- Personal name: Denney, R C
- Dates associated with a name: Barnes, J D
670 ## - SOURCE DATA FOUND
- Source citation: Work cat.: (St Aloysius Coll)240830: Mendham J 252980, Vogels textbook of quantitative chemical analysis, 2025